01182cam a22002531 4500001001300000003000400013005001700017008004100034010001700075040001800092050002000110111012200130245001700252260006400269300005500333490006200388500001700450500013800467504012000605650003500725710004500760710005300805830007000858sa 68001418 DLC20260227112433.0710903s1955 ii abef b 100 0 eng  asa 68001418  aDLCcDLCdDLC00aTH153b.S9 19522 aSymposium on Scientific Principles and Their Application in Tropical Building Design and Construction,cDelhi,d1952.00aProceedings. aNew Delhi,bNational Institute of Sciences of India,c1955. axxxi, 392 p.billus., maps, plans, plates.c25 cm.1 aNational Institute of Sciences of India. Bulletin,vno. 6 aCover title. aOrganized by the National Institute of Sciences of India in collaboration with the UNESCO Science Co-operation Office for South Asia. a"Select list of periodicals [and publications] on buildings and allied subjects, compiled by INSDOC": p. [348]-357. 0aBuildingsxTropicxCongresses.2 aNational Institute of Sciences of India.2 aUnesco.bSouth Asia Science Co-operation Office. 0aBulletin of the National Institute of Sciences of India ;vno. 6.